Guía para la elaboración de estudios del medio físico: contenido y metodología
Gardado en:
| Autor Principal: | |
|---|---|
| Formato: | Libro |
| Idioma: | Lingua castelá |
| Publicado: |
Madrid
Ministerio de Obras Publicas y Transportes
1992
|
| Edición: | 4a. ed |
| Series: | Serie Monografías
|
| Subjects: | |
| Tags: |
Engadir etiqueta
Sen Etiquetas, Sexa o primeiro en etiquetar este rexistro!
|
MARC
| LEADER | 00000nam a2200000 a 4500 | ||
|---|---|---|---|
| 001 | UCX8713 | ||
| 003 | CL-VaPUC | ||
| 008 | 940420e19920000SP |||||||||||||||||spa|d | ||
| 082 | 0 | 4 | |a 551.072 |b AGU |2 21 |
| 100 | 0 | |a Aguiló Alonso, Marcelo |e author |9 325907 | |
| 245 | 1 | 0 | |a Guía para la elaboración de estudios del medio físico: contenido y metodología |
| 246 | 1 | 0 | |a Elaboración de Estudios del Medio Ambiente |
| 250 | |a 4a. ed | ||
| 300 | |a 809 p | ||
| 942 | |c BK | ||
| 945 | |d 19940420 00:00:00 |a mfernand | ||
| 260 | |a Madrid |b Ministerio de Obras Publicas y Transportes |c 1992 | ||
| 650 | 0 | |a Geología |9 260984 | |
| 650 | 7 | |a INVESTIGACIONES |2 CL-VaPUC |9 261211 | |
| 650 | 0 | |a Geomorfología |9 261377 | |
| 650 | 0 | |a Suelos |9 260322 | |
| 650 | 0 | |a Protección del medio ambiente |9 257626 | |
| 650 | 0 | |a Ecología |9 258124 | |
| 650 | 7 | |a USO DE LA TIERRA |2 CL-VaPUC |9 314308 | |
| 583 | |a last modification |c 19940420 00:00:00 |k Rodrigo Vera | ||
| 490 | 0 | |a Serie Monografías | |
| 999 | |c 228135 |d 228133 | ||